[Event "Avicenna op 14th"]
[Site "Hamedan"]
[Date "2017.08.22"]
[Round "2"]
[White "Mosadeghpour, Masoud"]
[Black "Roohi, Abdolmajid"]
[Result "1-0"]
[WhiteElo "2488"]
[BlackElo "2238"]
[PlyCount "77"]
[EventDate "2017.08.21"]
[EventType "swiss"]
[EventRounds "9"]
[EventCountry "IRI"]
[SourceTitle "CBM 180 Extra"]
[Source "ChessBase"]
[SourceDate "2017.10.06"]
[SourceVersion "1"]
[SourceVersionDate "2017.10.06"]
[SourceQuality "1"]

1. c4 c6 2. g3 Nf6 3. Bg2 d5 4. Nf3 g6 5. d4 Bg7 6. 0-0 0-0 7. Nbd2 Bf5 8. b3 Ne4 9. Bb2 Nd7 10. Nh4 Nxd2 11. Qxd2 Be6 12. e4 dxe4 13. Bxe4 Bh3 14. Rfe1 e5 15. Nf3 f5 16. Bc2 e4 17. Ng5 Ne5 18. f4 Qxg5 19. dxe5 Qe7 20. Qe3 Rfd8 21. Rad1 Bg4 22. Rd4 Bf8 23. Bd1 Rxd4 24. Bxd4 h5 25. Bxg4 hxg4 26. Rd1 Rd8 27. Rd2 b6 28. Kf1 Qe8 29. Qc3 Rd7 30. a4 c5 31. Be3 Qd8 32. a5 Kf7 33. Ke2 Ke6 34. Rxd7 Qxd7 35. a6 b5 36. b4 bxc4 37. Qxc4+ Qd5 38. Qxd5+ Kxd5 39. b5 1-0

[Event "Rasht Khazar op 14th"]
[Site "Rasht"]
[Date "2016.02.11"]
[Round "1"]
[White "Tiviakov, Sergei"]
[Black "Roohi, Abdolmajid"]
[Result "1-0"]
[WhiteElo "2613"]
[BlackElo "2214"]
[PlyCount "73"]
[EventDate "2016.02.11"]
[EventType "swiss"]
[EventRounds "9"]
[EventCountry "IRI"]
[SourceTitle "CBM 170 Extra"]
[Source "ChessBase"]
[SourceDate "2016.02.25"]
[SourceVersion "1"]
[SourceVersionDate "2016.02.25"]
[SourceQuality "1"]

1. e4 e5 2. Bc4 Nf6 3. d3 Nc6 4. Nf3 Be7 5. Bb3 d6 6. c3 0-0 7. 0-0 Bg4 8. h3 Bh5 9. Be3 d5 10. Nbd2 dxe4 11. dxe4 h6 12. Qe2 a6 13. Rfe1 g5 14. Bc2 Bg6 15. Nc4 Nd7 16. Rad1 f6 17. Bc1 Qe8 18. Ne3 Kg7 19. Nf5+ Bxf5 20. exf5 Rd8 21. b4 Nb6 22. Be4 Nc8 23. Nd2 Nd6 24. Bc2 b5 25. Nb3 Nc4 26. Be4 Bd6 27. Rd3 a5 28. Qf3 Nb8 29. bxa5 Qe7 30. Red1 Na6 31. Qh5 Qf7 32. Qxf7+ Kxf7 33. Bb7 Nb8 34. a6 Nd7 35. Rd5 Ndb6 36. Rxb5 Ke7 37. a7 1-0

[Event "Bushehr Lian op 7th"]
[Site "Bushehr"]
[Date "2015.11.15"]
[Round "7"]
[White "Roohi, Abdolmajid"]
[Black "Samareh Shahpasand, Farshad"]
[Result "0-1"]
[WhiteElo "2179"]
[BlackElo "2079"]
[PlyCount "92"]
[EventDate "2015.11.11"]
[EventType "swiss"]
[EventRounds "9"]
[EventCountry "IRI"]
[SourceTitle "CBM 169 Extra"]
[Source "ChessBase"]
[SourceDate "2015.12.18"]
[SourceVersion "1"]
[SourceVersionDate "2015.12.18"]
[SourceQuality "1"]

1. b3 e5 2. Bb2 Nc6 3. e3 d6 4. g3 g6 5. Bg2 Bg7 6. Ne2 Nge7 7. 0-0 0-0 8. f4 d5 9. d3 Be6 10. d4 Nf5 11. Qd2 exd4 12. exd4 Re8 13. Re1 Qf6 14. c3 Nd6 15. Na3 Ne7 16. Nc1 Bf5 17. Nd3 Bxd3 18. Qxd3 c6 19. Re5 Ndf5 20. Rae1 Qd6 21. R5e2 Qc7 22. Nc2 Nd6 23. Ba3 Nef5 24. g4 Rxe2 25. Qxe2 Nh6 26. c4 dxc4 27. bxc4 Qd7 28. d5 cxd5 29. Bxd5 Re8 30. Qd3 Qxg4+ 31. Bg2 Rxe1+ 32. Nxe1 Qe6 33. Nc2 Nhf5 34. c5 Qc4 35. Qd1 Nb5 36. Qd8+ Bf8 37. c6 Nxa3 38. cxb7 Qc5+ 39. Kf1 Nxc2 40. b8Q Nce3+ 41. Ke2 Nxg2 42. Qd2 Nge3 43. a4 Qc4+ 44. Kf3 Qxa4 45. Qa8 Qa1 46. Qc8 Qh1+ 0-1

[Event "Bushehr Lian op 7th"]
[Site "Bushehr"]
[Date "2015.11.11"]
[Round "1"]
[White "Roohi, Abdolmajid"]
[Black "Zendehboodi, Fariba"]
[Result "1-0"]
[WhiteElo "2179"]
[BlackElo "1569"]
[PlyCount "40"]
[EventDate "2015.11.11"]
[EventType "swiss"]
[EventRounds "9"]
[EventCountry "IRI"]
[SourceTitle "CBM 169 Extra"]
[Source "ChessBase"]
[SourceDate "2015.12.18"]
[SourceVersion "1"]
[SourceVersionDate "2015.12.18"]
[SourceQuality "1"]

1. d4 Nf6 2. c4 g6 3. Nc3 d5 4. Bg5 Bg7 5. Bxf6 Bxf6 6. cxd5 0-0 7. Nf3 c6 8. dxc6 Nxc6 9. e3 a6 10. Be2 e6 11. 0-0 Qc7 12. Rc1 Bd7 13. d5 Bxc3 14. dxc6 Bxc6 15. Rxc3 Rfd8 16. Qc2 Rac8 17. Nd4 Qb6 18. Nxc6 bxc6 19. Rc5 Rb8 20. b3 Rd7 1-0

[Event "Avicenna op 12th"]
[Site "Hamedan"]
[Date "2015.09.07"]
[Round "8"]
[White "Roohi, Abdolmajid"]
[Black "Darban Vaighani, Morteza"]
[Result "0-1"]
[WhiteElo "2149"]
[BlackElo "2327"]
[PlyCount "72"]
[EventDate "2015.09.02"]
[EventType "swiss"]
[EventRounds "11"]
[EventCountry "IRI"]
[SourceTitle "EXT 2016"]
[Source "ChessBase"]
[SourceDate "2015.10.08"]
[SourceVersion "1"]
[SourceVersionDate "2015.10.08"]
[SourceQuality "1"]

1. d4 Nf6 2. Nf3 d6 3. Bg5 Nbd7 4. Bxf6 Nxf6 5. Nc3 g6 6. e4 Bg7 7. Bc4 0-0 8. 0-0 Nd7 9. Qd2 c5 10. Rad1 cxd4 11. Nxd4 Ne5 12. Bb3 Nc6 13. Nxc6 bxc6 14. f4 Ba6 15. Rf3 c5 16. f5 c4 17. Ba4 Qb6+ 18. Kh1 Qxb2 19. Nd5 Qe5 20. f6 Bxf6 21. Nxf6+ exf6 22. Qxd6 Rad8 23. Qxd8 Rxd8 24. Rxd8+ Kg7 25. Rd1 Bb7 26. Rf2 Qa5 27. Be8 Bxe4 28. a4 f5 29. Kg1 Qc5 30. Kf1 Qe5 31. Bb5 Qxh2 32. Bxc4 Bxg2+ 33. Rxg2 Qf4+ 34. Ke1 Qxc4 35. a5 Qc3+ 36. Rgd2 Qxa5 0-1

[Event "Rasht op"]
[Site "Rasht"]
[Date "2015.08.16"]
[Round "5"]
[White "Roohi, Abdolmajid"]
[Black "Sadeh, Shahin"]
[Result "0-1"]
[WhiteElo "2141"]
[BlackElo "2231"]
[PlyCount "46"]
[EventDate "2015.08.14"]
[EventType "swiss"]
[EventRounds "11"]
[EventCountry "IRI"]
[SourceTitle "EXT 2016"]
[Source "ChessBase"]
[SourceDate "2015.10.08"]
[SourceVersion "1"]
[SourceVersionDate "2015.10.08"]
[SourceQuality "1"]

1. d4 g6 2. c4 Bg7 3. Nc3 d6 4. e4 Nd7 5. Nge2 e5 6. d5 Ne7 7. Ng3 0-0 8. Bd3 f5 9. exf5 gxf5 10. f4 exf4 11. Bxf4 Ng6 12. 0-0 Nc5 13. Bc2 Nxf4 14. Rxf4 Be5 15. Rf1 Qh4 16. Qe2 Bd7 17. Nb5 Rae8 18. Qf3 f4 19. Ne4 Nxe4 20. Bxe4 Re7 21. Rfe1 a6 22. Nc3 Rfe8 23. h3 Bxc3 0-1

[Event "Gorgan Fajr Cup"]
[Site "Gorgan"]
[Date "2015.01.30"]
[Round "4"]
[White "Roohi, Abdolmajid"]
[Black "Farrokhi, Masoud"]
[Result "1-0"]
[WhiteElo "2133"]
[BlackElo "1961"]
[PlyCount "87"]
[EventDate "2015.01.28"]
[EventType "swiss"]
[EventRounds "9"]
[EventCountry "IRI"]
[SourceTitle "EXT 2016"]
[Source "ChessBase"]
[SourceDate "2015.10.08"]
[SourceVersion "1"]
[SourceVersionDate "2015.10.08"]
[SourceQuality "1"]

1. Nf3 Nf6 2. g3 g6 3. b3 Bg7 4. Bb2 c5 5. Bg2 0-0 6. 0-0 d5 7. e3 Nc6 8. Ne5 Qd6 9. Nxc6 bxc6 10. d3 Rd8 11. h3 Bf5 12. Qe2 Qd7 13. g4 Be6 14. Be5 h5 15. f3 h4 16. f4 Ne8 17. Bxg7 Kxg7 18. Qf2 f5 19. g5 Nd6 20. Qxh4 Rh8 21. Qf2 a5 22. Nc3 Qa7 23. Na4 Kf7 24. c4 Rad8 25. Rac1 dxc4 26. bxc4 Rb8 27. Rb1 Rb4 28. Qc2 Rb7 29. Rxb7 Nxb7 30. Rb1 Nd6 31. Qb2 Rd8 32. Qb6 Qxb6 33. Rxb6 Bxc4 34. dxc4 Nxc4 35. Rb3 Rd1+ 36. Kh2 Re1 37. Kg3 Re2 38. Bf1 Rxe3+ 39. Rxe3 Nxe3 40. Kf2 Nxf1 41. Kxf1 Ke6 42. Ke2 Kd5 43. h4 Ke4 44. h5 1-0

[Event "Tehran Behin Cup 2nd"]
[Site "Tehran"]
[Date "2014.11.17"]
[Round "3"]
[White "Harutjunyan, Gevorg"]
[Black "Roohi, Abdolmajid"]
[Result "1-0"]
[WhiteElo "2451"]
[BlackElo "2138"]
[PlyCount "55"]
[EventDate "2014.11.15"]
[EventType "swiss"]
[EventRounds "9"]
[EventCountry "IRI"]
[SourceTitle "CBM 163 Extra"]
[Source "ChessBase"]
[SourceDate "2014.12.23"]
[SourceVersion "1"]
[SourceVersionDate "2014.12.23"]
[SourceQuality "1"]

1. e4 e5 2. Nf3 Nf6 3. Nc3 Bb4 4. Nxe5 0-0 5. Nd3 Bxc3 6. dxc3 Nxe4 7. Be2 d5 8. 0-0 c6 9. Nf4 Bf5 10. Be3 Nd7 11. f3 Nd6 12. Bd4 Qg5 13. g3 Rfe8 14. b3 b6 15. Kg2 Ne5 16. h4 Qe7 17. Re1 Ng6 18. Qd2 Bc8 19. h5 Nxf4+ 20. Qxf4 Qd7 21. Bd3 f6 22. Rxe8+ Nxe8 23. Re1 c5 24. Bf2 Qf7 25. c4 Be6 26. cxd5 Bxd5 27. Qf5 h6 28. Re7 1-0

[Event "Hamadan Iran op 11th"]
[Site "Hamadan"]
[Date "2012.07.16"]
[Round "8"]
[White "Aghaei, Alireza"]
[Black "Roohi, Abdolmajid"]
[Result "1-0"]
[WhiteElo "2175"]
[BlackElo "2072"]
[PlyCount "96"]
[EventDate "2012.07.11"]
[EventType "swiss"]
[EventRounds "11"]
[EventCountry "IRI"]
[SourceTitle "CBM 149 Extra"]
[Source "ChessBase"]
[SourceDate "2012.08.24"]
[SourceVersion "1"]
[SourceVersionDate "2012.08.24"]
[SourceQuality "1"]

1. d4 Nf6 2. c4 g6 3. Nc3 d5 4. Bg5 Ne4 5. Bh4 Nxc3 6. bxc3 c6 7. e3 Bg7 8. Nf3 0-0 9. Bd3 Nd7 10. 0-0 dxc4 11. Bxc4 Nb6 12. Bb3 Nd5 13. Qe1 Bg4 14. Ne5 Be6 15. Rb1 Qc7 16. Bg3 Qc8 17. Qd2 Nb6 18. Qb2 Bxe5 19. dxe5 Nc4 20. Qe2 b5 21. Rfd1 Rd8 22. h3 Qc7 23. Rd4 Rxd4 24. exd4 Qa5 25. Bh4 Re8 26. Rc1 Qa3 27. Bg5 Kg7 28. Re1 h6 29. Bc1 Qa5 30. Qf3 Qc7 31. Qf4 Rh8 32. Bc2 Qd7 33. Qg3 a5 34. h4 h5 35. Bg5 Rc8 36. Be4 Bg4 37. Qf4 Nb6 38. Bh6+ Kg8 39. Qg5 Kh7 40. Qf4 Bf5 41. Bg5 Nd5 42. Bxd5 cxd5 43. Re3 Qe6 44. Qf3 Rc4 45. Qd1 Ra4 46. Qd2 Qd7 47. Qb2 e6 48. Bf6 Qc8 1-0